000 00757aam a2200265 i 4500
001 14237
003 CO-MdBIC
005 20210828123046.0
008 210828s2006 ck aoc|| |||| 00| 0 eng d
020 _a958-693-875-1
040 _bspa.
_aCO-MdFUSB
_cCO-MdFUSB
_dCO-MdFUSBC
_erda
041 _aspa
082 0 4 _aR 909 S3673h
245 1 0 _aHistoria universal / Jeniffer Schofield, Editor
_c/
260 _aColombia : Periódicos Asociados
264 1 _aColombia :
_bPeriódicos Asociados Ltda.
_c[2006]
264 4 _c© 2006
300 _a480 Pág.
_c;
336 _2rdacontent
_atexto
_btxt
337 _2rdamedia
_asin mediación
_bn
338 _2rdacarrier
_avolumen
_bnc
653 _aHistoria
_aUniversal
942 _cBK
945 _aEstudiante
999 _c43131
_d43131